Možnosti určenia nákladov podniku na získavanie a viazanie kapitálu
Faktory, od ktorých závisí výpočet, získavanie a viazanie kapitálu v podnikoch. Rozhodovania o finančnej a kapitálovej štruktúre podniku. Modely výpočtu nákladov cudzieho a vlastného kapitálu.
Salvato in:
| Autore principale: | |
|---|---|
| Natura: | Capitolo di libro |
| Lingua: | slovacco |
| Soggetti: | |
| Tags: |
Nessun Tag, puoi essere il primo ad aggiungerne!!
|
MARC
| LEADER | 00000naa$a2200000$$$4500 | ||
|---|---|---|---|
| 001 | 0181175 | ||
| 005 | 20240502073115.0 | ||
| 041 | 0 | |a slo | |
| 044 | |a SK | ||
| 245 | 1 | 0 | |a Možnosti určenia nákladov podniku na získavanie a viazanie kapitálu |c Katarína Podmajerská |
| 520 | |a Faktory, od ktorých závisí výpočet, získavanie a viazanie kapitálu v podnikoch. Rozhodovania o finančnej a kapitálovej štruktúre podniku. Modely výpočtu nákladov cudzieho a vlastného kapitálu. | ||
| 610 | 2 | 0 | |a podnik |
| 610 | 2 | 0 | |a štruktúra kapitálová |
| 610 | 2 | 0 | |a zdroje finančné |
| 610 | 2 | 0 | |a obstarávanie kapitálu |
| 610 | 2 | 0 | |a stabilita finančná |
| 610 | 2 | 0 | |a náklady |
| 610 | 2 | 0 | |a modely |
| 100 | 1 | |a Podmajerská, Katarína | |